Music Quiz

Random Music or Bands Quiz

When Harry Met Classic Albums Quiz Stats

 Plays Quiz Updated Sep 17, 2017

Challenge
Share
Tweet
Embed
Score 0/20 Timer 05:00
8 Plays Today
% Correct
Pink Floyd
90%
Eagles
89.9%
Prince
89.7%
Bruce Springsteen
88.8%
AC|DC
88.3%
Simon & Garfunkel
85.2%
U2
78.9%
Guns N' Roses
71.2%
The Who
69.4%
The Beatles
66.5%
% Correct
Oasis
65.4%
Sex Pistols
61.9%
David Bowie
58%
Bob Dylan
57.2%
Daft Punk
51.4%
The Rolling Stones
49.4%
Dusty Springfield
48.7%
Led Zeppelin
46%
Elvis Costello
41.5%
Queens of the Stone Age
40.1%

You're not logged in!

Compare scores with friends on all Sporcle quizzes.
OR
Log In

You Might Also Like...

Show Comments

Extras

Top Quizzes Today


Score Distribution

Your Account Isn't Verified!

In order to create a playlist on Sporcle, you need to verify the email address you used during registration. Go to your Sporcle Settings to finish the process.

Report this User

Report this user for behavior that violates our Community Guidelines.

Details: